000
00281 a2200121 4500
001
63638
082
_a
629.8043 WEB
090
_c
37636
_d
37636
100
_a
Webb John
245
_a
Industrial control electronics
_h
English
260
_c
Merrill Pub company
300
_b
640p
942
_a
NUST-CAE
_k
629.8043 WEB
999
_c
298711
_d
298711